Normal view
MARC view
- السنة- اصول الفقه الاسلامي
Entry Topical Term
001 - CONTROL NUMBER
- control field: 10325
003 - CONTROL NUMBER IDENTIFIER
- control field: JO-AjAnu
005 - DATE AND TIME OF LATEST TRANSACTION
- control field: 20230606071946.0
008 - FIXED-LENGTH DATA ELEMENTS
- fixed length control field: 230606|| aca||aabn | a|a d
040 ## - CATALOGING SOURCE
- Original cataloging agency: JO-AjAnu
- Transcribing agency: JO-AjAnu
150 ## - HEADING--TOPICAL TERM
- Topical term or geographic name entry element: السنة- اصول الفقه الاسلامي
670 ## - SOURCE DATA FOUND
- Source citation: Work cat.: (JO-AjAnu)5317: بن موسى، صالح بن محمد بن نوح بن عبد الله بن عمر, author 10324, إيقاظ أولي الأبصار للإقتداء بسيد المهاجرين والأنصار وتحذيرهم عن الإبتداع الشائع في القرى والأمصار من تقليد المذاهب مع الحمية والعصبية بين فقهاء الإعصار